000 00686nam a2200241Ia 4500
003 OSt
005 20221006140822.0
006 a|||||r|||| 00| 0
007 ta
008 221006b |||||||| |||| 00| 0 eng d
020 _cL 42.50
024 _a712
037 _b65616, 21/11/2000, I B D
_cTextual
040 _aEASL
_cEASL
_beng
041 _2eng
_aeng
082 _aV41:191.N9, N9
100 _aCHEN Gerald
_9643522
245 0 _aChinese perspective on international
260 _aGreat Britain
_bMacmilan Press
_c1999
300 _a201p.
_ccm.
942 _hV41:191.N9, N9
_cTEXL
_2CC
999 _c1068798
_d1068798